000 00481nam a2200181Ia 4500
005 20250326124351.0
008 250326s9999 xx 000 0 und d
037 _aTextbook
040 _aFMSL
_beng
_cFMSL
041 _aeng
_2eng
084 _aX:77 L1
_qFMSL
100 _aHarcourt G C
245 0 _aCapital and growth
_cHarcourt G C; Laing N F
260 _aLondon
_bLondon, Penguin
_c1971
300 _a383p
942 _cTB
_hX:77 L1
999 _c1273447
_d1273447